000 00591nam a2200181Ia 4500
008 100920s9999 xx 000 0 und d
082 _b57407
_a520 थ 91
100 _aजावडेकर बाळकृष्ण शंकर.
245 _aत्वचेचे विकार.
260 _bरोहन प्रकाशन, मुंबई 64.
_c1991
300 _a93
_bसाधी
365 _b30
520 _aशाअ.
630 _aत्वचेचे विकार.
650 _aशाअ.
730 _aत्वचेचे विकार.
942 _cBOOK
999 _c701269
_d701266